[Event "V Floripa Chess Open 2019"]
[Site "Florianopolis/SC"]
[Date "2019.01.23"]
[Round "4.1"]
[White "Belmonte, Diego Mariano"]
[Black "Granda Zuniga, Julio E"]
[Result "0-1"]
[WhiteElo "2309"]
[BlackElo "2641"]
[Annotator "TA"]
[PlyCount "128"]
[EventDate "2019.01.21"]
[EventRounds "10"]
[EventCountry "BRA"]

1. d4 Nf6 2. c4 e6 3. Nc3 d5 4. cxd5 exd5 5. Nf3 Bd6 6. Bg5 c6 7. Qc2 Na6 8. a3 Nc7 9. e3 Qe7 10. Bd3 Bg4 11. O-O-O h6 12. Bh4 g5 13. Bg3 Bxg3 14. hxg3 O-O-O 15. Kb1 Kb8 16. Rc1 Bxf3 17. gxf3 h5 18. Na4 Nd7 19. Nc5 Nxc5 20. Qxc5 Qf6 21. f4 h4 22. Qc2 gxf4 23. gxf4 Ne8 24. Qe2 Nd6 25. Qf3 Rdg8 26. Rh2 Qe7 27. Rch1 f5 28. Ka2 Ne4 29. Qh3 Qf6 30. Rg2 Rg6 31. Rgh2 a6 32. Qf1 Ka7 33. Qh3 Rg7 34. Qf1 Rc7 35. Qh3 c5 36. dxc5 Rxc5 37. Qf3 Rc6 38. Qe2 Rb6 39. Rc1 Rd8 40. f3 Ng3 41. Qd2 Qe7 42. Re1 Qf6 43. Qc1 Rc6 44. Qd2 Ne4 45. Qe2 Nc5 46. Bc2 Rb6 47. b4 Ne6 48. Qd3 Rc6 49. Qxf5 Qc3 50. Ree2 Nc7 51. Qd3 Nb5 52. Rd2 Qf6 53. Qf5 Qe7 54. Qe5 Re6 55. Qg5 Qc7 56. Qg1 Qb6 57. Rd3 Rc8 58. Qe1 d4 59. e4 Rec6 60. Bb3 Rc1 61. Qd2 Nc3+ 62. Rxc3 R1xc3 63. Rxh4 d3 64. Qd1 Qf2+ 0-1

[Event "V Floripa Chess Open 2019"]
[Site "Florianopolis/SC"]
[Date "2019.01.23"]
[Round "4.3"]
[White "Aranha Filho, Alvaro Z."]
[Black "Felgaer, Ruben"]
[Result "1/2-1/2"]
[WhiteElo "2294"]
[BlackElo "2567"]
[Annotator "TA"]
[PlyCount "113"]
[EventDate "2019.01.21"]
[EventRounds "10"]
[EventCountry "BRA"]

1. d4 d5 2. Nf3 Nf6 3. c4 c6 4. Nc3 dxc4 5. a4 Bf5 6. e3 e6 7. Bxc4 Bb4 8. O-O O-O 9. Qe2 Bg4 10. Rd1 Qa5 11. Bd2 Nbd7 12. h3 Bxf3 13. Qxf3 e5 14. Bb3 Rad8 15. Be1 Rfe8 16. dxe5 Qxe5 17. Bc2 a5 18. Rd4 Nf8 19. Rxd8 Rxd8 20. Rd1 Rxd1 21. Qxd1 g6 22. Qd3 Ne6 23. Bd2 Nc5 24. Qd8+ Kg7 25. f4 Qe6 26. Kh2 Nfd7 27. Qh4 Nb6 28. e4 Qd6 29. Be3 Ncd7 30. e5 Qe7 31. Qg3 Nc4 32. Bc1 Nc5 33. b3 Nb6 34. f5 Kg8 35. Bg5 Qe8 36. e6 fxe6 37. fxg6 h5 38. Qf3 Bxc3 39. Qxc3 Nbd7 40. Qf3 Qb8+ 41. Kh1 Qf8 42. Qxh5 Qg7 43. Bf4 e5 44. Be3 Ne6 45. Qf5 Qf6 46. Qh5 Ndf8 47. Bd3 Nf4 48. Bxf4 Qxf4 49. Bc4+ Kg7 50. Qd1 Nxg6 51. Qd7+ Kh6 52. Qxb7 Qc1+ 53. Kh2 Qf4+ 54. Kg1 Qe3+ 55. Kh2 Qf4+ 56. Kg1 Qe3+ 57. Kh2 1/2-1/2

[Event "V Floripa Chess Open 2019"]
[Site "Florianopolis/SC"]
[Date "2019.01.23"]
[Round "4.4"]
[White "Supi, Luis Paulo"]
[Black "Matsuura, Frederico"]
[Result "0-1"]
[WhiteElo "2546"]
[BlackElo "2248"]
[Annotator "TA"]
[PlyCount "86"]
[EventDate "2019.01.21"]
[EventRounds "10"]
[EventCountry "BRA"]

1. d4 Nf6 2. c4 e6 3. Nc3 d5 4. Bg5 Be7 5. e3 h6 6. Bh4 Ne4 7. Bxe7 Qxe7 8. cxd5 Nxc3 9. bxc3 exd5 10. Qb3 c6 11. Nf3 O-O 12. Bd3 Nd7 13. a4 Nf6 14. Qa3 Qxa3 15. Rxa3 Ne8 16. O-O Nd6 17. Nd2 Be6 18. f3 Rac8 19. e4 c5 20. exd5 Bxd5 21. c4 Be6 22. d5 Bf5 23. Bxf5 Nxf5 24. Ne4 Rfd8 25. Rb1 Rd7 26. Rab3 b6 27. a5 Nd4 28. R3b2 bxa5 29. Rb8 Rxb8 30. Rxb8+ Kh7 31. Rc8 a4 32. Rxc5 f5 33. Nc3 Nb3 34. Rc8 a3 35. Rc6 a5 36. Kf2 f4 37. Rb6 Nd2 38. Rc6 Nb1 39. Ra6 Nxc3 40. Rxa5 a2 41. Ke1 Rc7 42. Kd2 Rxc4 43. d6 Na4 0-1

[Event "V Floripa Chess Open 2019"]
[Site "Florianopolis/SC"]
[Date "2019.01.23"]
[Round "4.5"]
[White "Guimaraes, Diogo Duarte"]
[Black "Fier, Alexandr"]
[Result "0-1"]
[WhiteElo "2278"]
[BlackElo "2540"]
[Annotator "TA"]
[PlyCount "112"]
[EventDate "2019.01.21"]
[EventRounds "10"]
[EventCountry "BRA"]

1. e4 c5 2. Nf3 Nc6 3. d4 cxd4 4. Nxd4 Nf6 5. Nc3 d6 6. Bg5 e6 7. Qd2 a6 8. O-O-O Bd7 9. f4 Be7 10. Rg1 b5 11. Bxf6 Bxf6 12. Nxc6 Bxc6 13. Qxd6 Qxd6 14. Rxd6 Rc8 15. a4 Bxc3 16. bxc3 Ke7 17. e5 bxa4 18. Bxa6 Rc7 19. Kb2 Ra8 20. Bd3 a3+ 21. Ka1 Bd5 22. Rb1 Rxc3 23. g3 g6 24. g4 a2 25. Rb4 Rac8 26. Rxd5 exd5 27. Kxa2 R3c5 28. Kb2 Kd7 29. h4 Kc7 30. Kc1 Ra8 31. f5 gxf5 32. gxf5 Re8 33. Ra4 Kb7 34. e6 fxe6 35. fxe6 h6 36. Bf5 Kc7 37. Ra7+ Kd6 38. Rh7 Ke5 39. Bg4 Rc4 40. Rg7 Rf4 41. h5 Rf2 42. Rd7 Rc8 43. e7 Re8 44. Ra7 Rf7 45. Ra6 Rf6 46. Ra7 Kf4 47. Bh3 Kg3 48. Ra3+ Rf3 49. Rxf3+ Kxf3 50. Be6 Ke4 51. Bf7 Rxe7 52. Bg6+ Kd4 53. Kd2 Re3 54. Bf7 Rf3 55. Bg6 Rf2+ 56. Kd1 Kc3 0-1

[Event "V Floripa Chess Open 2019"]
[Site "Florianopolis/SC"]
[Date "2019.01.23"]
[Round "4.6"]
[White "Cubas, Jose Fernando"]
[Black "Muniz, Rafael"]
[Result "1/2-1/2"]
[WhiteElo "2506"]
[BlackElo "2236"]
[Annotator "RC"]
[PlyCount "47"]
[EventDate "2019.01.21"]
[EventRounds "10"]
[EventCountry "BRA"]

1. e4 c5 2. Nf3 d6 3. d4 cxd4 4. Nxd4 Nf6 5. Nc3 a6 6. f4 e5 7. Nf3 Nbd7 8. a4 Qc7 9. Bd3 Be7 10. O-O O-O 11. Qe1 exf4 12. Bxf4 Ne5 13. Kh1 Be6 14. Bxe5 dxe5 15. Qg3 Bb4 16. Nd5 Bxd5 17. exd5 Bd6 18. Qh4 h6 19. Nd4 exd4 20. Rxf6 Rae8 21. Qg4 Rc8 22. Rxh6 Rfe8 23. g3 Qe7 24. Rh4 1/2-1/2

[Event "V Floripa Chess Open 2019"]
[Site "Florianopolis/SC"]
[Date "2019.01.23"]
[Round "4.7"]
[White "Cruz, William Ferreira Da"]
[Black "Rodriguez Vila, Andres"]
[Result "0-1"]
[WhiteElo "2232"]
[BlackElo "2480"]
[PlyCount "52"]
[EventDate "2019.01.21"]
[EventRounds "10"]
[EventCountry "BRA"]

1. d4 Nf6 2. c4 g6 3. Nc3 Bg7 4. e4 d6 5. Nf3 O-O 6. h3 Nbd7 7. Be3 e5 8. d5 Nc5 9. Nd2 a5 10. g4 Bd7 11. Be2 c6 12. g5 Ne8 13. h4 cxd5 14. exd5 f5 15. gxf6 Nxf6 16. Bxc5 dxc5 17. Nde4 Bf5 18. f3 Bh6 19. Ng5 a4 20. Qd2 a3 21. b3 e4 22. O-O-O Qe7 23. d6 Qg7 24. f4 e3 25. Qxe3 Rae8 26. Qd2 Bxg5 0-1

[Event "V Floripa Chess Open 2019"]
[Site "Florianopolis/SC"]
[Date "2019.01.23"]
[Round "4.8"]
[White "Nery Junior, Jose Antonio"]
[Black "Matsuura, Everaldo"]
[Result "0-1"]
[WhiteElo "2188"]
[BlackElo "2468"]
[Annotator "TA"]
[PlyCount "60"]
[EventDate "2019.01.21"]
[EventRounds "10"]
[EventCountry "BRA"]

1. e4 c5 2. Nf3 Nf6 3. Nc3 d5 4. exd5 Nxd5 5. Ne4 e6 6. Ne5 Be7 7. Bb5+ Nd7 8. Nxd7 Bxd7 9. Bxd7+ Qxd7 10. b3 f5 11. Ng3 Bf6 12. Rb1 g6 13. O-O O-O 14. Bb2 Bxb2 15. Rxb2 Rad8 16. Rb1 Nb4 17. d3 Nxa2 18. Ra1 Nc3 19. Qd2 Nb5 20. c4 Nd4 21. Rxa7 Nc6 22. Raa1 Qxd3 23. Qh6 f4 24. Rfd1 Qxd1+ 25. Rxd1 Rxd1+ 26. Nf1 Nd4 27. h4 Rf5 28. Kh2 Rxf1 29. b4 Rxf2 30. Kg1 Rh5 0-1

[Event "V Floripa Chess Open 2019"]
[Site "Florianopolis/SC"]
[Date "2019.01.23"]
[Round "4.9"]
[White "Molina, Roberto Junio Brito"]
[Black "Barbosa, Fernando"]
[Result "1/2-1/2"]
[WhiteElo "2458"]
[BlackElo "2182"]
[Annotator "TA"]
[PlyCount "51"]
[EventDate "2019.01.21"]
[EventRounds "10"]
[EventCountry "BRA"]

1. Nf3 Nf6 2. g3 g6 3. Bg2 Bg7 4. O-O O-O 5. c4 d6 6. d4 a6 7. Nc3 Nc6 8. h3 Rb8 9. Bg5 h6 10. Be3 Bd7 11. Qd2 Kh7 12. Rac1 b5 13. cxb5 axb5 14. d5 Na5 15. b3 b4 16. Nb1 c5 17. dxc6 Bxc6 18. Nd4 Bxg2 19. Kxg2 Qd7 20. f3 e5 21. Nc2 Nc6 22. Rfd1 Rfd8 23. Bf2 d5 24. e3 Qb7 25. Qe2 Ne8 26. Ne1 1/2-1/2

[Event "V Floripa Chess Open 2019"]
[Site "Florianopolis/SC"]
[Date "2019.01.23"]
[Round "4.10"]
[White "Bueno, Alfeu Junior Varela"]
[Black "Languidey, Simon Alejandro"]
[Result "0-1"]
[WhiteElo "2179"]
[BlackElo "2416"]
[Annotator "TA"]
[PlyCount "48"]
[EventDate "2019.01.21"]
[EventRounds "10"]
[EventCountry "BRA"]

1. e4 e6 2. d4 d5 3. Nd2 Nc6 4. Ngf3 Nf6 5. e5 Nd7 6. Bb5 a6 7. Bxc6 bxc6 8. Nb3 c5 9. Bg5 Be7 10. Na5 Nxe5 11. Nxe5 Bxg5 12. dxc5 Qf6 13. Qd4 O-O 14. g3 Qf5 15. f4 Bf6 16. O-O-O Bxe5 17. fxe5 Bd7 18. h4 f6 19. Rhe1 h5 20. Rd2 Rae8 21. c6 Bc8 22. b4 Qg6 23. Kb2 Qxg3 24. Nb3 Qxe1 0-1

[Event "V Floripa Chess Open 2019"]
[Site "Florianopolis/SC"]
[Date "2019.01.23"]
[Round "4.11"]
[White "Proudian, Armen"]
[Black "Borges, Guilherme Deola"]
[Result "1-0"]
[WhiteElo "2413"]
[BlackElo "2171"]
[Annotator "TA RC"]
[PlyCount "117"]
[EventDate "2019.01.21"]
[EventRounds "10"]
[EventCountry "BRA"]

1. e4 c5 2. Nf3 d6 3. d4 cxd4 4. Nxd4 Nf6 5. Nc3 a6 6. Be3 Ng4 7. Bg5 h6 8. Bh4 g5 9. Bg3 Bg7 10. h3 Ne5 11. Nf5 Bxf5 12. exf5 Nbc6 13. Nd5 e6 14. fxe6 fxe6 15. Ne3 Qa5+ 16. Qd2 Qxd2+ 17. Kxd2 d5 18. Be2 O-O 19. h4 gxh4 20. Rxh4 Ng6 21. Rh2 Nce5 22. Ng4 Nxg4 23. Bxg4 Rae8 24. Bh5 Kh7 25. c3 e5 26. Re1 e4 27. f3 Be5 28. Bxe5 Rxe5 29. Bg4 Rf6 30. fxe4 dxe4 31. g3 Kg7 32. Rhe2 Rd6+ 33. Kc2 Rd3 34. Rxe4 Rxe4 35. Rxe4 Rxg3 36. Bc8 h5 37. Bxb7 h4 38. Bxa6 h3 39. Bb7 h2 40. Re2 Rh3 41. Re1 Kf6 42. a4 Rh7 43. Bh1 Ne5 44. a5 Ke6 45. b4 Kd6 46. Kb3 Ng4 47. c4 Nf2 48. c5+ Kc7 49. Ba8 h1=Q 50. Bxh1 Nxh1 51. a6 Nf2 52. Re3 Rh3 53. Rxh3 Nxh3 54. b5 Nf4 55. b6+ Kb8 56. Kc4 Ka8 57. c6 Ng6 58. c7 Ne7 59. b7+ 1-0

[Event "V Floripa Chess Open 2019"]
[Site "Florianopolis/SC"]
[Date "2019.01.23"]
[Round "4.12"]
[White "Almiron, Antonio"]
[Black "Starke, Bruno Orlando"]
[Result "1/2-1/2"]
[WhiteElo "2392"]
[BlackElo "2170"]
[PlyCount "120"]
[EventDate "2019.01.21"]
[EventRounds "10"]
[EventCountry "BRA"]

1. d4 d5 2. c4 e6 3. Nf3 c6 4. Nbd2 Nf6 5. g3 Nbd7 6. Bg2 Be7 7. O-O O-O 8. Qc2 b6 9. e4 dxe4 10. Nxe4 Nxe4 11. Qxe4 Bb7 12. Rd1 Qc8 13. Bf4 c5 14. d5 Re8 15. Qc2 exd5 16. cxd5 Bf6 17. a4 a6 18. Nd2 Qd8 19. Ne4 Be5 20. Be3 Rc8 21. d6 Bc6 22. Ng5 g6 23. Qc4 Qf6 24. Qxa6 Bxg2 25. Kxg2 Bxb2 26. Rab1 Bd4 27. Bf4 h6 28. Nf3 g5 29. Qb5 Rcd8 30. Bc1 Ne5 31. Nxd4 cxd4 32. f4 Ng4 33. d7 Re6 34. Rb2 Ne3+ 35. Bxe3 dxe3 36. fxg5 Qxg5 37. Qxg5+ hxg5 38. Kf3 Kf8 39. Rd3 Ke7 40. Rxe3 Rxe3+ 41. Kxe3 Rxd7 42. Rxb6 Ra7 43. Rb4 Ke6 44. Kd4 Ra5 45. Rc4 f6 46. h4 gxh4 47. gxh4 Kf7 48. Kc3 Kg6 49. Kb4 Ra8 50. a5 f5 51. Kb5 Rf8 52. a6 f4 53. a7 f3 54. Rc3 f2 55. Rc1 Kh5 56. Rf1 Rf5+ 57. Kc6 Rf6+ 58. Kc7 Rf7+ 59. Kb8 Kxh4 60. Rxf2 Rxf2 1/2-1/2

[Event "V Floripa Chess Open 2019"]
[Site "Florianopolis/SC"]
[Date "2019.01.23"]
[Round "4.13"]
[White "Cordero, Daniela"]
[Black "Coro, Lucas"]
[Result "0-1"]
[WhiteElo "2053"]
[BlackElo "2325"]
[PlyCount "171"]
[EventDate "2019.01.21"]
[EventRounds "10"]
[EventCountry "BRA"]

1. d4 Nf6 2. Nf3 c5 3. d5 e6 4. Nc3 d6 5. e4 e5 6. Be2 g6 7. O-O Bg7 8. Ne1 O-O 9. f4 exf4 10. Bxf4 Ne8 11. Qd2 Nd7 12. Nf3 a6 13. a4 Qe7 14. Bh6 Ne5 15. Kh1 Bxh6 16. Qxh6 f6 17. Qd2 Bd7 18. Nxe5 Qxe5 19. Rf2 Nc7 20. a5 Kg7 21. Raf1 Rae8 22. Rf4 Re7 23. Bg4 Qd4 24. Qc1 Bxg4 25. Rxg4 Ref7 26. Ne2 Qe5 27. Ng3 Kh8 28. Qh6 Rg8 29. c3 Ne8 30. Rgf4 Qe7 31. Qh3 Qc7 32. b4 cxb4 33. cxb4 Qc3 34. Qe6 Rgf8 35. Qh3 Qxb4 36. e5 Qxa5 37. e6 Rg7 38. Rd4 Qc3 39. Rfd1 f5 40. Qh4 Nf6 41. Qf4 Ne8 42. Ne2 Qc2 43. R1d2 Qb1+ 44. Rd1 Qb5 45. Nc3 Qa5 46. Ne4 Qd8 47. Ng5 Nf6 48. Re1 Qe7 49. Rc1 Nh5 50. Qd2 Kg8 51. Rdc4 Nf6 52. Qa5 Ng4 53. Nf3 Nf2+ 54. Kg1 Nd3 55. Rc7 Qf6 56. Rxg7+ Qxg7 57. Rc7 Qb2 58. h3 Nf4 59. Ne1 Qd4+ 60. Kh2 Qxd5 61. Qxd5 Nxd5 62. Rxb7 Re8 63. Nf3 Rxe6 64. Ra7 Nb4 65. Ng5 Re5 66. Nxh7 Rb5 67. Nf6+ Kf8 68. Nh7+ Ke8 69. Nf6+ Kf8 70. Nh7+ Ke8 71. Nf6+ Kd8 72. Rd7+ Kc8 73. Rxd6 a5 74. Ng8 a4 75. Rxg6 a3 76. Rg3 Ra5 77. Rxa3 Rxa3 78. Ne7+ Kd7 79. Nxf5 Ke6 80. Nd4+ Ke5 81. Nf3+ Kf4 82. Nd4 Ra2 83. Ne6+ Ke3 84. Ng5 Nd3 85. Nf3 Nf4 86. Nh4 0-1

[Event "V Floripa Chess Open 2019"]
[Site "Florianopolis/SC"]
[Date "2019.01.23"]
[Round "4.14"]
[White "Teshima, Ricardo Yoshida"]
[Black "Goncalves, Davi Sulzbacher"]
[Result "0-1"]
[WhiteElo "1879"]
[BlackElo "2313"]
[PlyCount "116"]
[EventDate "2019.01.21"]
[EventRounds "10"]
[EventCountry "BRA"]

1. e4 c5 2. Nc3 Nc6 3. g3 g6 4. Bg2 Bg7 5. d3 e6 6. Be3 d6 7. Qd2 Nd4 8. Nd1 h6 9. c3 Nc6 10. Ne2 Nge7 11. d4 b6 12. O-O Bb7 13. f4 Qc7 14. Rc1 f5 15. Nf2 O-O 16. b4 fxe4 17. Bxe4 Rad8 18. Bg2 Nf5 19. Nd3 c4 20. Nf2 Nce7 21. Nd1 Bxg2 22. Kxg2 Qc6+ 23. Kg1 Nd5 24. Bf2 Nf6 25. Ne3 h5 26. Rce1 Rde8 27. h3 b5 28. Kh2 Ne4 29. Qc1 e5 30. dxe5 dxe5 31. Nxf5 Rxf5 32. Be3 exf4 33. Rxf4 Rxf4 34. Bxf4 Nf2 35. Nd4 Bxd4 36. cxd4 Nd3 37. Rxe8+ Qxe8 38. Qd2 Qe1 39. d5 Qxd2+ 40. Bxd2 Kf7 41. Kg2 Kf6 42. Bc3+ Ke7 43. Kf3 Nc1 44. Bd4 Nxa2 45. Bc5+ Kd7 46. Ke3 Nc3 47. d6 Ke6 48. g4 Nd5+ 49. Kd4 hxg4 50. hxg4 Nf6 51. g5 Nh7 52. Bxa7 Nxg5 53. Kc5 Ne4+ 54. Kxb5 Nxd6+ 55. Ka6 c3 56. Be3 c2 57. b5 Kf5 58. Ka5 Nc4+ 0-1

[Event "V Floripa Chess Open 2019"]
[Site "Florianopolis/SC"]
[Date "2019.01.23"]
[Round "4.15"]
[White "Perdomo, Leandro"]
[Black "Osipi, Jair"]
[Result "1-0"]
[WhiteElo "2470"]
[BlackElo "2126"]
[Annotator "TA"]
[PlyCount "150"]
[EventDate "2019.01.21"]
[EventRounds "10"]
[EventCountry "BRA"]

1. d4 d5 2. c4 c6 3. Nf3 Nf6 4. e3 Bg4 5. Qb3 Qb6 6. Nc3 e6 7. Nh4 Be7 8. h3 Bh5 9. g4 Bg6 10. Nxg6 hxg6 11. Bg2 Na6 12. c5 Qc7 13. Qa4 Qd7 14. b4 Nc7 15. Qc2 g5 16. Ne2 Nh7 17. Ng1 Nf8 18. f4 gxf4 19. exf4 Bh4+ 20. Kd1 Nb5 21. Nf3 Bf6 22. Qb2 Ng6 23. a4 Nc7 24. g5 Bd8 25. h4 f6 26. Qc2 Nf8 27. Bd2 Qf7 28. Qd3 Qg6 29. Kc2 Qxd3+ 30. Kxd3 Kf7 31. h5 Be7 32. Bh3 g6 33. h6 Nd7 34. Rae1 f5 35. Rb1 a6 36. Rhc1 Rhc8 37. Nh4 Re8 38. Bg2 Nf8 39. Re1 Kg8 40. Re2 Bd8 41. Rbe1 Re7 42. Kc2 Kh7 43. Bh3 Rf7 44. Nf3 Re7 45. Re3 Re8 46. Ne5 Re7 47. Bf1 Ne8 48. Rb3 Bc7 49. Nf3 Rd7 50. b5 axb5 51. axb5 Rdd8 52. b6 Bb8 53. Kb2 Kg8 54. Ra1 Rxa1 55. Kxa1 Kf7 56. Ra3 Kg8 57. Kb1 Nd7 58. Kc2 Kh7 59. Ra1 Kg8 60. Re1 Nf8 61. Bd3 Kf7 62. Ra1 Ke7 63. Be3 Kf7 64. Ra8 Ke7 65. Bd2 Nh7 66. Nh4 Kf7 67. Be3 Nf8 68. Nf3 Ke7 69. Nd2 Kd7 70. Nb3 Kc8 71. Ra1 Nh7 72. Na5 Rd7 73. Nxb7 Rxb7 74. Ba6 Nf8 75. Bxb7+ Kxb7 1-0

[Event "V Floripa Chess Open 2019"]
[Site "Florianopolis/SC"]
[Date "2019.01.23"]
[Round "4.16"]
[White "Moura, Eduardo Eugenio Cha"]
[Black "Hoffman, Alejandro"]
[Result "0-1"]
[WhiteElo "2134"]
[BlackElo "2454"]
[Annotator "RC"]
[PlyCount "96"]
[EventDate "2019.01.21"]
[EventRounds "10"]
[EventCountry "BRA"]

1. e4 c5 2. d4 cxd4 3. c3 dxc3 4. Nxc3 Nc6 5. Nf3 e6 6. Bc4 Bb4 7. O-O Nge7 8. Qc2 O-O 9. Rd1 Ng6 10. Bg5 Qa5 11. Nb5 a6 12. a3 axb5 13. axb4 Qxa1 14. Rxa1 Rxa1+ 15. Bf1 d5 16. b3 dxe4 17. Qxe4 h6 18. Bd2 Rd8 19. Qc2 Rd5 20. Qb2 Ra8 21. Bc3 e5 22. g3 Be6 23. Nd2 Rad8 24. Bg2 R5d7 25. h4 Nd4 26. Ne4 b6 27. Kh2 f5 28. Nd2 e4 29. Nf1 Ne5 30. Bxd4 Ng4+ 31. Kg1 Rxd4 32. f3 exf3 33. Bxf3 Rxb4 34. Bxg4 Rxg4 35. Qe5 Re4 36. Qxb5 Rd6 37. Kf2 Bf7 38. Ne3 Rde6 39. Ng2 Re2+ 40. Kf1 Rb2 41. Qd7 Rxb3 42. Nf4 Re4 43. Kf2 Rb2+ 44. Kf3 Re5 45. Qd8+ Kh7 46. Qc7 Rb3+ 47. Kg2 Re2+ 48. Kh3 Rbb2 0-1

[Event "V Floripa Chess Open 2019"]
[Site "Florianopolis/SC"]
[Date "2019.01.23"]
[Round "4.17"]
[White "Quintiliano Pinto, Renato R."]
[Black "Lopes Fo, Jorge Antonio Ferre"]
[Result "1-0"]
[WhiteElo "2441"]
[BlackElo "2122"]
[Annotator "TA"]
[PlyCount "61"]
[EventDate "2019.01.21"]
[EventRounds "10"]
[EventCountry "BRA"]

1. d4 Nc6 2. Nf3 d6 3. Bf4 Nf6 4. c4 g6 5. Nc3 Nh5 6. Bg5 h6 7. Be3 Bg7 8. Qd2 e5 9. h3 f5 10. g3 g5 11. dxe5 dxe5 12. Qc2 Nd4 13. Bxd4 exd4 14. O-O-O O-O 15. e3 c5 16. exd4 cxd4 17. Nb5 Qa5 18. Kb1 Bd7 19. Nfxd4 Bc6 20. Nxc6 bxc6 21. Nd4 Rab8 22. Nxc6 Qc7 23. Nxb8 Rxb8 24. b3 Qe5 25. Kc1 Qa1+ 26. Kd2 Qd4+ 27. Ke1 Qe5+ 28. Be2 Nf6 29. Kf1 f4 30. g4 Ne4 31. Bf3 1-0

[Event "V Floripa Chess Open 2019"]
[Site "Florianopolis/SC"]
[Date "2019.01.23"]
[Round "4.18"]
[White "Heinechen, Juan"]
[Black "Umetsubo, Cesar Hidemitsu"]
[Result "0-1"]
[WhiteElo "2105"]
[BlackElo "2407"]
[PlyCount "130"]
[EventDate "2019.01.21"]
[EventRounds "10"]
[EventCountry "BRA"]

1. e4 e5 2. Nf3 Nf6 3. Nxe5 d6 4. Nf3 Nxe4 5. c4 Nc6 6. d3 Nf6 7. d4 g6 8. Bd3 Bg7 9. O-O O-O 10. Nc3 Bg4 11. Be3 d5 12. c5 Qd7 13. h3 Bf5 14. Bb5 Ne4 15. Nxe4 dxe4 16. Ne5 Bxe5 17. Bxc6 Qxc6 18. dxe5 Rad8 19. Qc1 Rd5 20. Rd1 Rfd8 21. Rxd5 Rxd5 22. Qc3 Rd3 23. Qa5 a6 24. Re1 Rd5 25. Qc3 Rd3 26. Qa5 Kf8 27. Bh6+ Ke8 28. Bf4 Kd7 29. Re3 Rd5 30. Rc3 Be6 31. Kh2 Qb5 32. Qa3 Kc6 33. Rb3 Rd3 34. Rxb5 Rxa3 35. Rxb7 Rxa2 36. Ra7 Rxb2 37. Rxa6+ Kxc5 38. Be3+ Kb5 39. Ra7 Rc2 40. Rb7+ Kc6 41. Rb4 Kd5 42. Rb5+ c5 43. Kg3 h6 44. h4 g5 45. hxg5 hxg5 46. Ra5 Rc3 47. Rb5 Kc6 48. Ra5 Kb6 49. Ra4 Kb5 50. Ra8 c4 51. Rb8+ Kc6 52. Rg8 Rd3 53. Rxg5 c3 54. Kf4 c2 55. Bc1 Rd1 56. Bb2 Bd5 57. f3 c1=Q+ 58. Bxc1 Rxc1 59. Rf5 exf3 60. gxf3 Be6 61. Rh5 Kd5 62. Kg5 Kxe5 63. f4+ Ke4 64. Rh4 Rg1+ 65. Kf6 Rg6+ 0-1

[Event "V Floripa Chess Open 2019"]
[Site "Florianopolis/SC"]
[Date "2019.01.23"]
[Round "4.19"]
[White "De Vjunior, Liduino Furtado"]
[Black "Menna Barreto, Felipe Kubiaki"]
[Result "0-1"]
[WhiteElo "2052"]
[BlackElo "2389"]
[PlyCount "84"]
[EventDate "2019.01.21"]
[EventRounds "10"]
[EventCountry "BRA"]

1. e4 c5 2. Nf3 Nc6 3. d4 cxd4 4. Nxd4 g6 5. Be3 Nf6 6. Nc3 Bg7 7. Bc4 O-O 8. Qd2 Ng4 9. Nxc6 bxc6 10. Bd4 Bxd4 11. Qxd4 Qb6 12. Qxb6 axb6 13. Be2 d6 14. O-O Nf6 15. f4 Ba6 16. Bd3 Nd7 17. b4 Bxd3 18. cxd3 Ra3 19. Rac1 c5 20. b5 e6 21. Rf2 Nf6 22. Rd2 d5 23. e5 Ne8 24. d4 c4 25. Nb1 Ra5 26. Nc3 Nc7 27. a4 Rfa8 28. Rb1 Rxa4 29. Nxa4 Rxa4 30. Rc2 Ra5 31. Rcb2 c3 32. Rb4 Nxb5 33. Kf2 Ra2+ 34. Kg3 Na3 35. Rc1 Rb2 36. Ra4 Nb5 37. h4 h5 38. Ra8+ Kg7 39. Rb8 Nxd4 40. Ra1 c2 41. Raa8 Nf5+ 42. Kh2 Ne7 0-1

[Event "V Floripa Chess Open 2019"]
[Site "Florianopolis/SC"]
[Date "2019.01.23"]
[Round "4.20"]
[White "Menna Barreto, Luiz Ney"]
[Black "Riline, Alejandro"]
[Result "0-1"]
[WhiteElo "2327"]
[BlackElo "2107"]
[PlyCount "153"]
[EventDate "2019.01.21"]
[EventRounds "10"]
[EventCountry "BRA"]

1. Nf3 Nf6 2. c4 g6 3. Nc3 Bg7 4. e4 d6 5. d4 O-O 6. Be2 e5 7. dxe5 dxe5 8. Qxd8 Rxd8 9. Bg5 Na6 10. Nd5 Nxd5 11. cxd5 f6 12. Bxa6 bxa6 13. Be3 f5 14. Rc1 fxe4 15. Nd2 Bb7 16. O-O Bxd5 17. Rxc7 Rdc8 18. Rfc1 Rxc7 19. Rxc7 Bxa2 20. b3 Rd8 21. Kf1 Bb1 22. Nxb1 Rd1+ 23. Ke2 Rxb1 24. Rb7 a5 25. Bxa7 Bf8 26. Kd2 Bb4+ 27. Kc2 Rh1 28. Rb8+ Kf7 29. Rb7+ Kg8 30. Rb8+ Kf7 31. Rb7+ Ke6 32. Rxh7 Rg1 33. g3 Rg2 34. Kd1 Rg1+ 35. Kc2 Ra1 36. h4 Ra2+ 37. Kb1 Re2 38. h5 gxh5 39. Rxh5 Bc3 40. Rh6+ Kd5 41. Ra6 Rb2+ 42. Kc1 Rxb3 43. Kc2 Ra3 44. g4 Bb4 45. g5 Rc3+ 46. Kb2 Rc8 47. Be3 Kc4 48. Ra7 Kd3 49. Rd7+ Ke2 50. Rd5 a4 51. g6 Bf8 52. Ka2 a3 53. g7 Bxg7 54. Kxa3 Rb8 55. Ka2 Rb7 56. Rc5 Kf3 57. Rd5 Bf6 58. Rc5 Re7 59. Kb3 Bh4 60. Rc6 Kg2 61. Rc4 Kf3 62. Rc3 Rb7+ 63. Kc4 Bxf2 64. Bd4+ e3 65. Bxe5 Ke4 66. Bd4 Rc7+ 67. Kb3 Rb7+ 68. Kc4 Rc7+ 69. Kb3 Rxc3+ 70. Bxc3 Kd3 71. Bb4 e2 72. Bc3 Be3 73. Be1 Bd2 74. Bh4 Bc3 75. Bg3 Ba5 76. Bh4 Ke3 77. Bg3 0-1

[Event "V Floripa Chess Open 2019"]
[Site "Florianopolis/SC"]
[Date "2019.01.23"]
[Round "4.21"]
[White "Rangel, Daniel"]
[Black "Felix Simoes, Rodrigo"]
[Result "1-0"]
[WhiteElo "2322"]
[BlackElo "2083"]
[PlyCount "51"]
[EventDate "2019.01.21"]
[EventRounds "10"]
[EventCountry "BRA"]

1. Nf3 Nf6 2. g3 g6 3. b3 Bg7 4. Bb2 O-O 5. Bg2 d6 6. d4 c5 7. c4 Nc6 8. d5 Nb8 9. O-O Bf5 10. Nh4 Bxb1 11. Qxb1 a6 12. Qd3 b6 13. e4 Ra7 14. f4 b5 15. e5 Nfd7 16. Nf3 bxc4 17. bxc4 Qc7 18. exd6 exd6 19. Bxg7 Kxg7 20. Qc3+ Kg8 21. Rfe1 Nb6 22. a4 a5 23. Bh3 h6 24. f5 Qd7 25. Qc1 Kh7 26. fxg6+ 1-0

[Event "V Floripa Chess Open 2019"]
[Site "Florianopolis/SC"]
[Date "2019.01.23"]
[Round "4.22"]
[White "Rodrigues, Edgar"]
[Black "Blank Goncalves, Eduardo"]
[Result "1-0"]
[WhiteElo "2312"]
[BlackElo "2060"]
[PlyCount "75"]
[EventDate "2019.01.21"]
[EventRounds "10"]
[EventCountry "BRA"]

1. e4 e5 2. Nf3 Qe7 3. Bc4 g6 4. O-O Bg7 5. d4 d6 6. Re1 Nf6 7. c3 O-O 8. Nbd2 Nbd7 9. a4 a5 10. Bf1 b6 11. b3 Rd8 12. Ba3 Ne8 13. Bb5 Qf6 14. Bc6 Ra7 15. Nc4 Nb8 16. Bxe8 Rxe8 17. dxe5 dxe5 18. Nfxe5 Be6 19. Re3 Bxc4 20. Nxc4 Nc6 21. e5 Qe6 22. Qe2 Raa8 23. Re1 Rad8 24. f4 Bf8 25. Bd6 Rd7 26. Bxf8 Kxf8 27. Rd1 Red8 28. Red3 Ne7 29. Rxd7 Rxd7 30. Rxd7 Qxd7 31. g3 h5 32. Qd2 Qd5 33. Qd4 Ke8 34. e6 f6 35. Qxf6 Qd1+ 36. Kf2 Qc2+ 37. Ke1 Qc1+ 38. Ke2 1-0

[Event "V Floripa Chess Open 2019"]
[Site "Florianopolis/SC"]
[Date "2019.01.23"]
[Round "4.23"]
[White "Villalba, Marcelo"]
[Black "Soares, Joao Carlos T. C."]
[Result "1/2-1/2"]
[WhiteElo "2276"]
[BlackElo "2077"]
[PlyCount "54"]
[EventDate "2019.01.21"]
[EventRounds "10"]
[EventCountry "BRA"]

1. c4 e5 2. g3 Nf6 3. Bg2 Nc6 4. Nc3 a6 5. d3 Bb4 6. Bd2 a5 7. Nf3 d6 8. O-O O-O 9. Nd5 Bxd2 10. Nxd2 Ne8 11. e3 Ne7 12. d4 c6 13. Nxe7+ Qxe7 14. d5 c5 15. e4 a4 16. Qe2 Nc7 17. f4 b5 18. cxb5 Nxb5 19. fxe5 Qxe5 20. Nc4 Qe8 21. e5 dxe5 22. Qxe5 Qxe5 23. Nxe5 Nd6 24. Rfc1 Ra5 25. Nc4 Nxc4 26. Rxc4 Ba6 27. Rc2 Bd3 1/2-1/2